00513 2200181 4500001002100000005001700021008004100038035002900079090001400108100002100122245004600143250001000189260004200199300002500241650001800266700002300284990002400307INLIS00000000002225120140307093435.0  a##a0010-031400000000073 a303 Koe a aKoentjaraningrat aAspek Manusia Dalam Penelitian Masyarakat acet 2 aJakartabGramedia Pustaka Utamac1985 axx + 298 hlm ; 21 cm aProses Sosial aDonald K. Emmerson a30271/pusdacil/2014